00934 2200337 4500001002100000005001500021007000300036008004100039020002200080035002000102040001700122041000800139082000800147084001400155090002000169100003100189245006200220250001200282264003900294300003400333336002100367337003000388338002300418504002400441650001000465700003600475850001000511990002500521990002500546990002500571INLIS00000000000812120260529074258ta260529 0  a978-602-7732-38-4 a0010-0922000610 aSBPUPADbind aind a786 a786 MIR m a786 MIR m 23-70 aMirna IndriantiePengarang1 aMahir Bermain Keyboard Secara Otodidak /cMirna Indrianti a.-Cet.1 a.--Jakarta :bLaskar Aksara,c2012 a96 hlm :bilus. ;c21 x 28 cm 2rdacontentateks 2rdamediaatanpa perantara 2rdacarrieravolume aBibliografi, hlm 88 4aMusik aEditor, Endah KemalaePengarang aPUPAD a22.485/ BR/KAPD/2016 a22.486/ BR/KAPD/2016 a22.487/ BR/KAPD/2016